MARC

LEADER 00000nam0a2200000 4500
001 32953
005 20231030205637.0
035 |a (RuTPU)RU\TPU\book\33265 
035 |a BOOK00000058 
090 |a 32953 
100 |a 20011210d1975 km y0rusy50 ca 
101 0 |a rus 
102 |a RU 
105 |a ab z 001zy 
200 1 |a Геология нефти и газа Западной Сибири  |f А. Э. Конторович, И. И. Нестеров, Ф. К. Салманов и др. 
210 |a Москва  |c Недра  |d 1975 
215 |a 680 с.  |c ил., карты. 
300 |a Авт. указаны на обороте тит. листа. 
320 |a Предм. указ.: с. 653-662. 
320 |a Библиогр.: с. 662-679. 
610 1 |a геология 
610 1 |a нефть 
610 1 |a газ 
610 1 |a Западная Сибирь 
610 1 |a стратиграфия 
610 1 |a палеогеография 
610 1 |a гидрогеология 
610 1 |a месторождения 
610 1 |a история 
610 1 |a прогноз 
610 1 |a нефтегазоносность 
610 1 |a перспективы 
675 |a 553.98(С18)  |v 3 
701 1 |a Конторович  |b А. Э. 
701 1 |a Нестеров  |b И. И. 
701 1 |a Салманов  |b Ф. К. 
701 1 |a Сурков  |b В. С. 
701 1 |a Трофимук  |b А. А. 
801 0 |a RU  |b 63413507  |c 20011210  |g PSBO 
801 2 |a RU  |b 63413507  |c 20220527  |g PSBO 
942 |c BK